<?xml version="1.0" encoding="UTF-8"?>
<record
    xmlns:xsi="http://www.w3.org/2001/XMLSchema-instance"
    xsi:schemaLocation="http://www.loc.gov/MARC21/slim http://www.loc.gov/standards/marcxml/schema/MARC21slim.xsd"
    xmlns="http://www.loc.gov/MARC21/slim">

  <leader>01571nam a2200325Ia 4500</leader>
  <controlfield tag="003">OSt</controlfield>
  <controlfield tag="005">20240319160128.0</controlfield>
  <controlfield tag="008">210210b2001   xxu||||| |||| 00| 0 eng d</controlfield>
  <datafield tag="040" ind1=" " ind2=" ">
    <subfield code="c">AL</subfield>
  </datafield>
  <datafield tag="041" ind1=" " ind2=" ">
    <subfield code="a">Kannada</subfield>
  </datafield>
  <datafield tag="082" ind1=" " ind2=" ">
    <subfield code="a">K894.109 GIRK</subfield>
  </datafield>
  <datafield tag="100" ind1=" " ind2=" ">
    <subfield code="a">GIRADDI GOVINDARAJA, Ed.</subfield>
    <subfield code="d">&#xC97;&#xCBF;&#xCB0;&#xCA1;&#xCCD;&#xCA1;&#xCBF; &#xC97;&#xCCB;&#xCB5;&#xCBF;&#xC82;&#xCA6;&#xCB0;&#xCBE;&#xC9C; </subfield>
    <subfield code="9">155468</subfield>
  </datafield>
  <datafield tag="245" ind1=" " ind2=" ">
    <subfield code="a">Kannada navodaya kavya: mangaluru kendra.</subfield>
    <subfield code="b">&#xC95;&#xCA8;&#xCCD;&#xCA8;&#xCA1; &#xCA8;&#xCB5;&#xCCB;&#xCA6;&#xCAF; &#xC95;&#xCBE;&#xCB5;&#xCCD;&#xCAF; : &#xCAE;&#xC82;&#xC97;&#xCB3;&#xCC2;&#xCB0;&#xCC1; &#xC95;&#xCC7;&#xC82;&#xCA6;&#xCCD;&#xCB0; </subfield>
  </datafield>
  <datafield tag="260" ind1=" " ind2=" ">
    <subfield code="a">Bengaluru.</subfield>
    <subfield code="b">Karnataka Sahitya Akademi.,</subfield>
    <subfield code="c">2001</subfield>
  </datafield>
  <datafield tag="300" ind1=" " ind2=" ">
    <subfield code="a">151</subfield>
  </datafield>
  <datafield tag="520" ind1=" " ind2=" ">
    <subfield code="a">Muddana Hattiyangadi Narayanaraya Govinda Pai Panjemagesharaya Kadengodlu Shankarabhatta Sediyapu Krashna Bhatta Kolambe Puttanna Gauda Pejavara Sadashivaraya Kayyara Kinanna Rai Yarmunja Ramachandra</subfield>
  </datafield>
  <datafield tag="650" ind1=" " ind2=" ">
    <subfield code="a"> &#xCAF;&#xCB0;&#xCCD;&#xCAE;&#xCC1;&#xC82;&#xC9C; &#xCB0;&#xCBE;&#xCAE;&#xC9A;&#xC82;&#xCA6;&#xCCD;&#xCB0;</subfield>
    <subfield code="9">155477</subfield>
  </datafield>
  <datafield tag="650" ind1=" " ind2=" ">
    <subfield code="a"> &#xC95;&#xCAF;&#xCCD;&#xCAF;&#xCBE;&#xCB0; &#xC95;&#xCBF;&#xC9E;&#xCCD;&#xC9E;&#xCA3;&#xCCD;&#xCA3; &#xCB0;&#xCC8; </subfield>
    <subfield code="9">155478</subfield>
  </datafield>
  <datafield tag="650" ind1=" " ind2=" ">
    <subfield code="a">&#xCAA;&#xCC7;&#xC9C;&#xCBE;&#xCB5;&#xCB0; &#xCB8;&#xCA6;&#xCBE;&#xCB6;&#xCBF;&#xCB5;&#xCB0;&#xCBE;&#xCAF;</subfield>
    <subfield code="9">155479</subfield>
  </datafield>
  <datafield tag="650" ind1=" " ind2=" ">
    <subfield code="a">&#xC95;&#xCCA;&#xCB3;&#xC82;&#xCAC;&#xCC6; &#xCAA;&#xCC1;&#xC9F;&#xCCD;&#xC9F;&#xCA3;&#xCCD;&#xCA3; &#xC97;&#xCCC;&#xCA1; </subfield>
    <subfield code="9">155480</subfield>
  </datafield>
  <datafield tag="650" ind1=" " ind2=" ">
    <subfield code="a">&#xCB8;&#xCC7;&#xCA1;&#xCBF;&#xCAF;&#xCBE;&#xCAA;&#xCC1; &#xC95;&#xCC3;&#xCB7;&#xCCD;&#xCA3; &#xCAD;&#xC9F;&#xCCD;&#xC9F; </subfield>
    <subfield code="9">155481</subfield>
  </datafield>
  <datafield tag="650" ind1=" " ind2=" ">
    <subfield code="a"> &#xC95;&#xCA1;&#xCC6;&#xC82;&#xC97;&#xCCB;&#xCA1;&#xCCD;&#xCB2;&#xCC1; &#xCB6;&#xC82;&#xC95;&#xCB0; &#xCAD;&#xC9F;&#xCCD;&#xC9F; </subfield>
    <subfield code="9">155482</subfield>
  </datafield>
  <datafield tag="650" ind1=" " ind2=" ">
    <subfield code="a"> &#xCAA;&#xC82;&#xC9C;&#xCC6;&#xCAE;&#xC82;&#xC97;&#xCC7;&#xCB6;&#xCB0;&#xCBE;&#xCAF;</subfield>
    <subfield code="9">155483</subfield>
  </datafield>
  <datafield tag="650" ind1=" " ind2=" ">
    <subfield code="a"> &#xC97;&#xCCB;&#xCB5;&#xCBF;&#xC82;&#xCA6; &#xCAA;&#xCC8;</subfield>
    <subfield code="9">155484</subfield>
  </datafield>
  <datafield tag="650" ind1=" " ind2=" ">
    <subfield code="a">&#xCAE;&#xCC1;&#xCA6;&#xCCD;&#xCA6;&#xCA3;&#xCCD;&#xCA3;</subfield>
    <subfield code="9">155485</subfield>
  </datafield>
  <datafield tag="650" ind1=" " ind2=" ">
    <subfield code="a"> &#xCB9;&#xC9F;&#xCCD;&#xC9F;&#xCBF;&#xCAF;&#xC82;&#xC97;&#xCA1;&#xCBF; &#xCA8;&#xCBE;&#xCB0;&#xCBE;&#xCAF;&#xCA3;</subfield>
    <subfield code="9">155486</subfield>
  </datafield>
  <datafield tag="690" ind1=" " ind2=" ">
    <subfield code="a">Kannada Poetry Criticism</subfield>
    <subfield code="9">155470</subfield>
  </datafield>
  <datafield tag="906" ind1=" " ind2=" ">
    <subfield code="a">057791</subfield>
  </datafield>
  <datafield tag="942" ind1=" " ind2=" ">
    <subfield code="2">ddc</subfield>
    <subfield code="c">BK</subfield>
  </datafield>
  <datafield tag="999" ind1=" " ind2=" ">
    <subfield code="c">105269</subfield>
    <subfield code="d">105269</subfield>
  </datafield>
  <datafield tag="952" ind1=" " ind2=" ">
    <subfield code="0">0</subfield>
    <subfield code="1">0</subfield>
    <subfield code="4">0</subfield>
    <subfield code="7">0</subfield>
    <subfield code="8">Kannada Literature</subfield>
    <subfield code="a">AL</subfield>
    <subfield code="b">AL</subfield>
    <subfield code="c">Kannada Literature</subfield>
    <subfield code="d">2021-02-17</subfield>
    <subfield code="e">Karnataka Sahitya Akademi.</subfield>
    <subfield code="g">45.00</subfield>
    <subfield code="l">1</subfield>
    <subfield code="o">K894.109 GIRK</subfield>
    <subfield code="p">057791</subfield>
    <subfield code="r">2024-05-06 00:00:00</subfield>
    <subfield code="s">2024-02-01</subfield>
    <subfield code="w">2021-02-17</subfield>
    <subfield code="y">BK</subfield>
  </datafield>
</record>
